| 000 | 01935nam0a2200457 4500 | ||
|---|---|---|---|
| 001 | RU\NLR\bibl\257305 | ||
| 005 | 20260408162210.0 | ||
| 010 |
_a5-8028-0018-6 _9150 |
||
| 021 |
_aRU _b2001-61109 _92981 |
||
| 035 | _a(NLR Aleph) 000253050 | ||
| 090 |
_a1476862 _c1476862 |
||
| 100 | _a20020419d2001 u y0rusy50 ca | ||
| 101 | 0 | _arus | |
| 102 | _aRU | ||
| 105 | _ay ||||||||| | ||
| 200 | 1 |
_aДвигательная деятельность и физическое состояние детей и подростков _fВ. А. Нестеров |
|
| 210 |
_aХабаровск _cДальневост. гос. акад. физ. культуры _d2001 |
||
| 215 |
_a82 с. _d21 |
||
| 320 | _aБиблиогр.: с. 73-79 | ||
| 606 | 0 |
_aДети _xФизическое развитие _9896727 _3RU\NLR\auth\66325354 |
|
| 606 | 0 |
_aПодростки _xФизическое развитие _91919418 _3RU\NLR\auth\66875545 |
|
| 606 | 0 |
_aДети _xДвигательная активность _92245601 _3RU\NLR\auth\661347222 |
|
| 606 | 0 |
_aПодростки _xДвигательная активность _92245603 _3RU\NLR\auth\661347223 |
|
| 606 |
_aДвижение (физиол.) у детей _91183467 _3RU\NLR\auth\66158927 |
||
| 606 |
_aДвижение (физиол.) у подростков _9911402 _3RU\NLR\auth\66332885 |
||
| 610 | 0 | _aДвижения детей | |
| 610 | 0 | _aДети - Физическое развитие | |
| 610 | 0 | _aПодростки - Физическое развития | |
| 675 |
_a612.76-053.6 _v3 _zrus |
||
| 686 |
_a34.41 _2rugasnti |
||
| 686 |
_a28.707.3 _2rubbk |
||
| 686 | _aР731.15 | ||
| 686 | _aР128.31 | ||
| 700 | 1 |
_aНестеров _bВ. А. _gВиктор Анатольевич _4070 |
|
| 801 | 0 |
_aRU _bRKP _c20020419 _gPSBO |
|
| 801 | 1 |
_aRU _bRKP _c20020419 |
|
| 801 | 2 |
_aRU _bNLR _c20020604 _grcr |
|
| 942 | _cBOOK | ||
| 980 | _aNB | ||
| 980 | _aNBR | ||